| 000 | 00331cam a22001337a 4500 | ||
|---|---|---|---|
| 008 | 180718b1961 xxu||||| |||| 00| 0 eng d | ||
| 082 | _aB H128 | ||
| 100 | _aHalayya, M. | ||
| 245 |
_aSocial sciences _cby M. Halayya |
||
| 260 |
_aBombay _bAsia Pub. House _c1961 |
||
| 300 | _a260p. | ||
| 500 | _aRs.7.50 | ||
| 650 | _aSocial Sciences | ||
| 999 |
_c367444 _d367444 |
||